000 00341nam a2200133 i 4500
001 bg
100 1 _aLACHIEWICZ, Stefan
245 0 _aKierownik-specjalista w przedsiębiorstwie przemysłowym /
_cS. Lachiewicz.
260 _aWarszawa,
_c1983.
040 _cBPK
041 _apol
942 _cKS
008 s pl f |000 0 pol
999 _c21941
_d21941
856 _uhttp://koha.tu.koszalin.pl/cgi-bin/koha/opac-detail.pl?biblionumber=21941
_yKatalog online BPK